000 00331 a2200145 4500
001 176948
020 _a
040 _cMagnum
100 _aBandeira, Pedro
240 1 0 _aO monstro do mar: poluicao do mar
_lpor
245 1 0 _aO monstro do mar: poluicao do mar
362 0 _a1899
697 _aMAGNITO: IJ/ECOLOGIA
942 _cBK
999 _c176948
_d176948